[Event "Voronezh op-B 23rd"]
[Site "Voronezh"]
[Date "2019.06.13"]
[Round "2"]
[White "Kolosov, Pavel A"]
[Black "Sushkov, Aleksey"]
[Result "1-0"]
[WhiteElo "1995"]
[BlackElo "1588"]
[PlyCount "51"]
[EventDate "2019.06.12"]
[EventType "swiss"]
[EventRounds "9"]
[EventCountry "RUS"]
[SourceTitle "EXT 2020"]
[Source "ChessBase"]
[SourceDate "2019.10.17"]
[SourceVersion "1"]
[SourceVersionDate "2019.10.17"]
[SourceQuality "1"]

1. e4 e6 2. b3 d5 3. Bb2 dxe4 4. Nc3 Nf6 5. Nge2 b6 6. Ng3 Bb7 7. Bb5+ Nbd7 8. Qe2 c6 9. Ba6 Bxa6 10. Qxa6 Qc7 11. Qe2 Be7 12. Ncxe4 Nxe4 13. Nxe4 0-0 14. h4 Rad8 15. 0-0-0 a5 16. Qg4 Ne5 17. Qg3 Nd3+ 18. cxd3 Qxg3 19. Nxg3 Rxd3 20. Nh5 f6 21. Nf4 Rd6 22. Rhe1 e5 23. d4 Rf7 24. dxe5 Rxd1+ 25. Kxd1 fxe5 26. Rxe5 1-0